| 000 | 01121cam a2200217 4500 | ||
|---|---|---|---|
| 001 | WB3648-03 | ||
| 008 | 000000n2000 000 0 eng u | ||
| 035 | _a(Sirsi) u109861 | ||
| 245 | _aNew alliance set to boost construction standards | ||
| 260 | _c2000 | ||
| 490 |
_aFinancial Times _v7 December 2000, 7(1) |
||
| 520 | _aAfter a series of disappointing projects, such as the 'wobbly' Millennium bridge, companies and government departments responsible for commissioning the bulk of construction work in Britain have joined forces in an attempt to raise standards through sharing best practices. Founding members BAA, the Highways Agency, Railtrack and MacDonald's have launched the Confederation of Construction Clients. The new body's remit will include assessing whether schemes are finished to time and cost, the number of defects and whether they comply to safety standards. | ||
| 590 | _aWB | ||
| 650 | _aCONFEDERATION OF CONSTRUCTION CLIENTS | ||
| 650 | _aBEST PRACTICE | ||
| 650 | _aCONSTRUCTION WORK | ||
| 650 | _aREGULATION | ||
| 650 | _aSTANDARDS | ||
| 690 | _aBUILT ENVIRONMENT | ||
| 942 | _n0 | ||
| 999 |
_c65543 _d65543 |
||